Statistics for Districts of The Bahamas with a Map

Click here to take the quiz!

General Stats

  • This quiz has been taken 1,768 times
  • The average score is 19 of 33

Answers on the Map

Answers color-coded by a green-red scale on the quiz's map according to % correct below.
 

Answer Stats

District% Correct
North Andros
71%
Cat Island
69%
South Andros
69%
Central Andros
68%
East Grand Bahama
66%
West Grand Bahama
65%
Central Abaco
62%
North Abaco
62%
South Abaco
62%
City of Freeport
61%
New Providence
60%
Bimini
58%
Long Island
58%
North Eleuthera
57%
San Salvador
57%
Central Eleuthera
56%
South Eleuthera
56%
Berry Islands
55%
Crooked Island
54%
Inagua
53%
Acklins
52%
Exuma
52%
Mangrove Cay
52%
Rum Cay
52%
Black Point
51%
Grand Cay
51%
Spanish Wells
50%
Ragged Island
49%
Mayaguana
48%
Green Turtle Cay
47%
Hope Town
45%
Moore's Island
45%
Harbour Island
44%

Score Distribution

Percentile by Number Answered

Percent of People with Each Score

Your Score History

You have not taken this quiz